| 000 | 00370pab a2200145 454500 | ||
|---|---|---|---|
| 008 | 180718b1990 xxu||||| |||| 00| 0 eng d | ||
| 100 | _aRao, B. Jagan Mohan | ||
| 245 | _aGrowth of cities in Andhra Pradesh | ||
| 260 | _c1990 | ||
| 300 | _a37-8 | ||
| 362 | _aMay | ||
| 650 | _aCities And Towns - Growth, India -Andhra Pradesh | ||
| 773 | _aCivic Affairs | ||
| 909 | _a5592 | ||
| 999 |
_c5592 _d5592 |
||